| 000 | 00360nam a2200121Ia 4500 | ||
|---|---|---|---|
| 008 | 210430s9999 xx 000 0 und d | ||
| 082 | _a544 C583 H | ||
| 100 | _aHans Thacher Clarke | ||
| 245 | 2 |
_aA Handbook of Organic Analysis Qualitative &Quantitative _cHans Thacher Clarke |
|
| 260 |
_aNew delhi _bCBS Publishers _c2007 |
||
| 300 | _a291p | ||
| 942 |
_cBK _2ddc |
||
| 999 |
_c562566 _d562566 |
||